| 000 | 00491 a2200217 4500 | ||
|---|---|---|---|
| 260 | _aParis | ||
| 630 | _a657 - Comptabilité | ||
| 037 | _b1, Achat | ||
| 650 | _a6 - SCIENCES APPLIQUEES | ||
| 100 | _aPatureau, R. | ||
| 260 | _bLes Editions Foucher | ||
| 245 | _aLa nouvelle technique comptable : corrigé des exercices | ||
| 300 | _a208 p. | ||
| 650 | _aComptabilité | ||
| 260 | _c1971 | ||
| 300 | _b22cm | ||
| 100 | _lFr | ||
| 037 | _aDE 0331 | ||
| 999 |
_c42132 _d42132 |
||